Statistics for Auckland Local Boards, with Map

Click here to take the quiz!

General Stats

  • This quiz has been taken 102 times
  • The average score is 11 of 21

Answers on the Map

Answers color-coded by a green-red scale on the quiz's map according to % correct below.
 

Answer Stats

PopulationAnswer% Correct
9063Waiheke
78%
66417Rodney
77%
74838Franklin
71%
140970Howick
71%
57636Papakura
66%
82866Waitematā
65%
936Aotea / Great Barrier
60%
98622Albert-Eden
54%
95670Manurewa
54%
84318Ōrākei
54%
62841Upper Harbour
51%
79356Whau
46%
52095Waitakere Ranges
42%
118422Henderson-Massey
40%
57975Devonport-Takapuna
38%
57555Puketāpapa
38%
88269Kaipātiki
37%
85122Ōtara-Papatoetoe
32%
78450Māngere-Ōtāhuhu
31%
104010Hibiscus and Bays
29%
76284Maungakiekie-Tāmaki
29%

Score Distribution

Percentile by Number Answered

Percent of People with Each Score

Your Score History

You have not taken this quiz